=LDR 00000nam 2200000 4500 =001 INLIS000000000011202 =005 20130612102805 =008 ***********************************Ind** =035 ##$$0010-061300000011202 =041 ##$$a Ind =082 ##$$a 372.72 =090 ##$$a 372.72, Muk p =100 ##$$a Mukhtar, Z.A =245 ##$$a Pelajaran hitung keuangan, untuk Ujian Nasional Pembukuan /Akutansi tingkat trampil , H.Z.A. Moekhtar =260 ##$$a 1989 $b Serabaya =300 ##$$a 206 hlm., 21 cm =850 ##$$a NBPNMAT